000 01086nam a2200349 a 4500
001 86236
003 BD-RjUL
005 20260301141218.0
008 260301s2014 stk f 001 0 eng
020 _a9781845862343
_qpaperback
020 _a1845862341
020 _a9781845861292
_qpaperback
020 _a9780748698257
035 _a(BD-RjUL)86236
040 _aDLC
_beng
_cDLC
_erda
_dDLC
_dBD-RjUL
041 _aeng
042 _apcc
043 _ae-uk-st
082 _223
_a340.9
_bHIP 2014
100 1 _aHill, David
_eauthor.
_917842
245 1 0 _aPrivate international law /
_cDavid Hill, LL.B., LL.M., Ph.D, Lecturer in Law, Robert Gordon University, Aberdeen.
264 1 _aEdinburgh :
_bEdinburgh University Press,
_c2014
300 _axxv, 166 pages ;
_c22 cm.
336 _atext
_btxt
_2rdacontent
337 _aunmediated
_bn
_2rdamedia
338 _avolume
_bnc
_2rdacarrier
490 0 _aEdinburgh law essentials
500 _aIncludes index.
650 0 _aConflict of laws
_zScotland.
_917843
942 _2ddc
_cBK
999 _c86236
_d86236